Movies starring animals - Statistics

General Stats
  • This quiz has been taken 110 times
  • The average score is 11 of 15
Answer Stats
Hint Answer % Correct
Jaws (1975) shark
98%
Beethoven (1992) dog
95%
Moby Dick (1956/1998) whale
92%
Babe (1995) pig
90%
King Kong (1933/1976/2005) gorilla
89%
Operation Dumbo Drop (1995) elephant
88%
Flipper (1963/1996) dolphin
86%
Seabiscuit (1939/2003) horse
77%
Free Willy (1993) killer whale
75%
Rise of the Planet of the Apes (2011) chimpanzee
71%
Racing Stripes (2005) zebra
65%
Every which Way but Loose (1978) orangutan
42%
The Ghost and the Darkness (1996) lion
37%
The Grey (2011) wolf
35%
The Yearling (1946) deer
20%
No matching quizzes found
Score Distribution
Percent of People with Each Score
Percentile by Number Answered
Your Score History
You have not taken this quiz